| 000 | 01250cam a22003734a 4500 | ||
|---|---|---|---|
| 001 | 6191600 | ||
| 003 | ARRUPE | ||
| 005 | 20131203172200.0 | ||
| 008 | 061128s2007 wiu b 000 0 eng | ||
| 010 | _a 2006039580 | ||
| 020 | _a9780874621747 (hardcover : alk. paper) | ||
| 020 | _a0874621747 (hardcover : alk. paper) | ||
| 035 | _a(OCoLC)ocm76897717 | ||
| 035 | _a(NNC)6191600 | ||
| 035 | _a(OCoLC)76897717 | ||
| 040 |
_aDLC _cDLC _dBAKER _dBTCTA _dRMC _dRIU _dC#P |
||
| 050 | 0 | 0 |
_aB765.T54 _bD47 2007 |
| 100 | 1 |
_aDewan, Lawrence, _d1932- _94853 |
|
| 245 | 1 | 0 |
_aSt. Thomas and form as something divine in things / _cLawrence Dewan. |
| 246 | 3 | _aSaint Thomas and form as something divine in things | |
| 260 |
_aMilwaukee, Wis. : _bMarquette University Press, _cc2007. |
||
| 300 |
_a98 p. ; _c19 cm. |
||
| 490 | 1 |
_aThe Aquinas lecture ; _v2007 |
|
| 504 | _aIncludes bibliographical references (p. 55-93). | ||
| 600 | 0 | 0 |
_aThomas, _cAquinas, Saint, _d1225?-1274. _94854 |
| 600 | 0 | 0 |
_aAristotle. _94855 |
| 600 | 0 | 0 |
_aPlato. _94856 |
| 650 | 0 |
_aForm (Philosophy) _94857 |
|
| 830 | 0 |
_aAquinas lecture ; _v2007. _94858 |
|
| 942 |
_2lcc _cMONOGRAPH |
||
| 948 | 1 |
_a20070613 _bc _cdc21 _dMPS |
|
| 948 | 2 |
_a20070626 _ba _cvt2130 _dMPS |
|
| 999 |
_c118995 _d118995 |
||